Every Song by Ice Nine Kills - Statistics

General Stats
  • This quiz has been taken 72 times
    14 since last reset
  • The average score is 37 of 82
Answer Stats
Album Song % Correct
The Silver Scream(2018) A Grave Mistake
100%
Non-Album(2026) A Work of Art
100%
The Silver Scream(2018) It is the End
88%
Non-Album(2026) The Laugh Track
88%
Non-Album(2026) Twisting the Knife
88%
The Silver Scream 2: Welcome to Horrorwood(2021) Welcome to Horrorwood
88%
The Silver Scream(2018) Enjoy Your Slay
75%
The Silver Scream 2: Welcome to Horrorwood(2021) Hip to Be Scared
75%
The Silver Scream 2: Welcome to Horrorwood(Bonus)(2021) Meat & Greet
75%
The Silver Scream(2018) Merry Axe-mas
75%
The Silver Scream(2018) Rocking the Boat
75%
The Silver Scream(2018) Thank God It's Friday
75%
Every Trick in the Book(2015) Alice
63%
The Silver Scream 2: Welcome to Horrorwood(2021) A Rash Decision
63%
The Silver Scream 2: Welcome to Horrorwood(2021) Assault & Batteries
63%
Every Trick in the Book(2015) Communion of the Cursed
63%
The Silver Scream 2: Welcome to Horrorwood(2021) F.L.Y.
63%
The Silver Scream(2018) Freak Flag
63%
The Silver Scream 2: Welcome to Horrorwood(2021) Funeral Derangements
63%
Every Trick in the Book(2015) Hell in the Hallways
63%
The Silver Scream(2018) Love Bites
63%
Every Trick in the Book(2015) Me, Myself & Hyde
63%
The Silver Scream 2: Welcome to Horrorwood(2021) Rainy Day
63%
The Silver Scream(2018) Savages
63%
The Silver Scream(2018) Stabbing in the Dark
63%
Every Trick in the Book(2015) Star-Crossed Enemies
63%
The Silver Scream(2018) The American Nightmare
63%
The Silver Scream 2: Welcome to Horrorwood(2021) The Box
63%
The Predator Becomes the Prey(2014) The Fastest Way to a Girl's Heart is Through Her Ribcage
63%
Safe is Just a Shadow(2010) The Greatest Story Ever Told
63%
Non-Album(2026) The Great Unknown
63%
The Silver Scream(2018) The Jig is Up
63%
The Silver Scream 2: Welcome to Horrorwood(2021) The Shower Scene
63%
The Silver Scream(2018) The World in My Hands
63%
The Predator Becomes the Prey(2014) What I Never Learned in Study Hall
63%
The Silver Scream 2: Welcome to Horrorwood(2021) Wurst Vacation
63%
The Silver Scream(Bonus)(2018) Your Number's Up
63%
The Silver Scream 2: Welcome to Horrorwood(2021) Ex-Mørtis
50%
The Silver Scream 2: Welcome to Horrorwood(2021) Farewell II Flesh
50%
The Predator Becomes the Prey(2014) Let's Bury the Hatchet...In Your Head
50%
Every Trick in the Book(2015) Tess-Timony
50%
Every Trick in the Book(2015) The Plot Sickens
50%
The Predator(2013) A Reptile's Dysfunction
38%
Non-Album(2022) Hunting Season
38%
Non-Album(2021) Jason's Mom
38%
The Predator Becomes the Prey(2014) Jonathan
38%
Last Chance to Make Amends(2006) Last Words
38%
The Predator Becomes the Prey(2014) So Long Steven Long
38%
The Predator Becomes the Prey(2014) The Coffin is Moving
38%
Every Trick in the Book(2015) The Nature of the Beast
38%
Every Trick in the Book(2015) The People in the Attic
38%
The Predator Becomes the Prey(2014) What Lies Beneath
38%
Every Trick in the Book(2015) Bloodbath & Beyond
25%
The Burning(2007) Build Your Own Disaster
25%
The Predator Becomes the Prey(2014) Connect the Cuts
25%
Last Chance to Make Amends(2006) Family Unties (Finding Emo)
25%
The Predator(2013) Father's Day
25%
The Burning(2007) In Throws of a Moral Quandary
25%
The Predator Becomes the Prey(2014) My Life in Two
25%
The Silver Scream 2: Welcome to Horrorwood(2021) Opening Night...
25%
The Silver Scream 2: Welcome to Horrorwood(2021) Take Your Pick
25%
The Predator Becomes the Prey(2014) The Power in Belief
25%
The Predator Becomes the Prey(2014) The Product of Hate
25%
Safe is Just a Shadow(2010) Acceptance in the Waves
13%
Last Chance to Make Amends(2006) ...And Our Story Begins
13%
Last Chance to Make Amends(2006) Build a Bridge and Jump Off It
13%
Safe is Just a Shadow(2010) Buildings Burn, People Die
13%
Last Chance to Make Amends(2006) Chapter Two
13%
Safe is Just a Shadow(2010) Chris Brown's Latest Hit
13%
Last Chance to Make Amends(2006) Cinder Blocks and Thank You Knots
13%
The Burning(2007) Dead Is the New Black
13%
Safe is Just a Shadow(2010) Evidence on Fire
13%
Last Chance to Make Amends(2006) I Do and I Don't
13%
Last Chance to Make Amends(2006) Murders and Acquisitions
13%
Safe is Just a Shadow(2010) Newton's Third Law of Knives to the Back
13%
Safe is Just a Shadow(2010) Proximity Mines in the Complex
13%
Safe is Just a Shadow(2010) Red Sky Warning
13%
Safe is Just a Shadow(2010) So This is My Future
13%
Safe is Just a Shadow(2010) The People Under the Stairs
13%
Last Chance to Make Amends(2006) Tonight We Dance (Interlude)
13%
Last Chance to Make Amends(2006) What I Really Learned in Study Hall
13%
The Burning(2007) You Scratched My Anchor
13%
No matching quizzes found
Score Distribution
Percent of People with Each Score
Percentile by Number Answered
Your Score History
You have not taken this quiz since the last reset